Actualidad gubernamental: (Registro nro. 22062)

Detalles MARC
000 -Cabecera
Campo de control interno 00864nam a2200265Ia 4500
005 - Fecha y hora del registro
control field 20260320113338.0
008 - Elementos de Longitud Fija
fixed length control field 260320s9999||||xx |||||||||||||| ||und||
022 ## - ISSN
ISSN 20712170
041 ## - Idioma
Codigo Idioma ESP
082 ## - DEWEY y NOTACIÓN INTERNA
Dewey HR 351 ENE-DIC 2025
Notación Interna AG
100 ## - AUTOR
Autor denominación Vera Novoa, Mario Ricardo,
Término de relación director
245 #0 - TÍTULO DE MATERIAL BIBLIOGRÁFICO
Título Actualidad gubernamental:
Título paralelo revista de gobierno & políticas públicas
246 ## - TÍTULO TRADUCIDO
Título
Título paralelo
Autor
260 ## - CIUDAD, EDITORIAL, AÑO
Ciudad Lima :
Nombre de la Editorial Instituto Pacífico,
Año 2025
300 ## - DESCRIPCIÓN
N° Páginas varias paginaciones :
Otros detalles gráficos, cuadros ;
Dimensiones 29 cm.
Material Adicional
440 ## - MENCIÓN DE SERIE
Título de la Serie
Número de Serie
Volumen de Serie
505 ## - TABLA DE CONTENIDO
Tabla de Contenido Contiene: Nros. 195-207 (Enero-Diciembre 2025)
650 ## - TEMAS
Temas Tecnología (Ciencias Aplicadas)
653 ## - DESCRIPTORES
Lenguajes no controlado Administración pública - Revista
654 ## - PROGRAMAS
Programa Dpto. de Contabilidad
700 ## - OTROS AUTORES
Otros autores
Títulos y otras palabras asociadas con el nombre
856 ## - URL - UBICACIÓN
URI/URL: Enlace exacto del recurso <a href="https://0u214oxjx-y-https-app-vlex-com.itmsp.museknowledge.com/">https://0u214oxjx-y-https-app-vlex-com.itmsp.museknowledge.com/</a>
Nota pública: Versión digital <a href="Véase además: Base de datos Vlex">Véase además: Base de datos Vlex</a>
942 ## - ELEMENTOS DE KOHA
Tipo de documento Revista
Nombre del creador Justo Noguera
Código de catalogador Margarita Torres
Esquema de clasificación Dewey Decimal Classification
Suppress in OPAC
Existencias
Codigo completo Registro Colección Copia número Disponibilidad Tipo de préstamo Biblioteca Actual Procedencia (Biblioteca) Ubicacón Fecha Ingreso Tipo de Adquisición Observación Date last seen Total checkouts Price effective from Tipo de Item Estado del Material Fuente de Clasificación Damaged status Withdrawn status
HR 351 ENE-DIC 2025 AG 1087468 Universidad Católica San Pablo 1 Disponible Disponible Víctor Andrés Belaunde Víctor Andrés Belaunde Planta baja cerrada 10/03/2026 Suscripción Contabilidad 20/03/2026   20/03/2026 Revista Bueno Dewey Decimal Classification